000 00667cam a22002293a 4500
001 25673
003 PGUSA
005 20140828083543.0
008 080601s2008||||xxu|||||s|||||000 | eng d
040 _aPGUSA
_beng
042 _adc
050 4 _aDG
100 1 _aMorris, Charles,
_d1833-1922
245 1 0 _aHistoric Tales :
_bThe Romance of Reality. Vol. 11 (of 15), Roman
_h[electronic resource] /
_cCharles Morris
260 _bProject Gutenberg,
_c2008
506 _aPublic domain in the USA.
516 _aElectronic text
653 _aRome -- History
830 0 _aProject Gutenberg
_v25673
856 4 0 _uhttp://www.gutenberg.org/ebooks/25673
942 _cEB
999 _c254928
_d254928